| 000 | 01471cam a2200373 a 4500 | ||
|---|---|---|---|
| 001 | 13796758 | ||
| 003 | SISC | ||
| 005 | 20160601084755.0 | ||
| 008 | 041122r20001965nyu c 000 1 eng | ||
| 010 | _a 2004559260 | ||
| 020 | _a9781416949640 | ||
| 040 |
_aDLC _cDLC _dDLC |
||
| 042 | _alcac | ||
| 050 | 0 | 0 |
_aPZ 7 .C7878 _bOv 1994 |
| 082 | 0 | 0 | _a[Fic] |
| 100 | 1 |
_aCooper, Susan, _d1935- |
|
| 245 | 1 | 0 |
_aOver sea, under stone / _cSusan Cooper. |
| 260 |
_aNew York: _bSimon Pulse _c1994. |
||
| 300 |
_a196 p. ; _c20 cm. |
||
| 490 | 1 | _aDark is rising sequence | |
| 520 | _aThree siblings on vacation in Cornwall find an ancient manuscript which sends them on a dangerous quest that entraps them in the eternal battle between the forces of the Light and the Dark. | ||
| 650 | 1 |
_aMagic _vFiction. |
|
| 650 | 1 |
_aBrothers and sisters _vFiction. |
|
| 650 | 1 | _aFantasy. | |
| 651 | 1 |
_aCornwall (England : County) _vFiction. |
|
| 651 | 1 |
_aEngland _vFiction. |
|
| 800 | 1 |
_aCooper, Susan, _d1935- _tDark is rising sequence. |
|
| 856 | 4 | 2 |
_3Publisher description _uhttp://www.loc.gov/catdir/description/simon051/2004559260.html |
| 856 | 4 | 2 |
_3Contributor biographical information _uhttp://www.loc.gov/catdir/enhancements/fy1005/2004559260-b.html |
| 856 | 4 | 1 |
_3Sample text _uhttp://www.loc.gov/catdir/enhancements/fy1409/2004559260-s.html |
| 906 |
_a7 _bcbc _corigcop _d2 _eocip _f20 _gy-gencatlg |
||
| 942 |
_2lcc _cBK |
||
| 999 |
_c294958 _d294958 |
||